|
|
|
|
| LEADER |
00848nam a2200325 a 4500 |
| 001 |
000023313 |
| 003 |
SVKKK |
| 005 |
20070130143336.0 |
| 008 |
030616c1994 xo e sloo |
| FMT |
|
|
|
| 020 |
|
|
|a 80-88738-19-9
|
| 038 |
|
|
|a SVKKK
|
| 040 |
|
|
|a SVKKK
|b slo
|e AACR2
|
| 041 |
0 |
|
|a slo
|
| 044 |
|
|
|a xo
|
| 080 |
|
|
|a 80(091)
|2 1981
|
| 080 |
|
|
|a 891.499(075.8)
|2 1981
|
| 090 |
|
|
|a V.189869
|
| 100 |
1 |
|
|a Hábovčíková, Bohuslava
|4 aut
|
| 245 |
1 |
0 |
|a Romňi :
|b rómska žena v literatúre /
|c Hábovčíková Bohuslava, Seman Karol
|
| 260 |
|
|
|a Nitra :
|b Vysoká škola pedagogická,
|c 1994
|
| 300 |
|
|
|a 162 s.
|
| 650 |
0 |
4 |
|a literatúra rómska
|z ženy rómske
|x učebnice vysokoškolské
|
| 700 |
1 |
|
|a Seman, Karol
|4 aut
|
| 958 |
|
|
|a RQ
|
| 974 |
|
|
|d 020222
|a Fav
|
| 992 |
|
|
|a AUC
|
| BAS |
|
|
|
| 852 |
|
|
|a SVKKK
|b BIB
|
| 998 |
|
|
|a ROM
|